AN ASSESSMENT OF THE EFFECT OF LEADERSHIP STYLES ON THE PERFORMANCE OF MICRO-FINANCE INSTITUTIONS IN KENYA (Record no. 215944)
[ view plain ]
| 000 -LEADER | |
|---|---|
| fixed length control field | 00516nam a22001457a 4500 |
| 008 - FIXED-LENGTH DATA ELEMENTS--GENERAL INFORMATION | |
| fixed length control field | 250721b |||||||| |||| 00| 0 eng d |
| 050 ## - LIBRARY OF CONGRESS CALL NUMBER | |
| Classification number | THE HD 30.17 .J36 2015 |
| Item number | C. 1 |
| 100 ## - MAIN ENTRY--PERSONAL NAME | |
| Personal name | BRENDAH , JAMES MORAA |
| 245 ## - TITLE STATEMENT | |
| Title | AN ASSESSMENT OF THE EFFECT OF LEADERSHIP STYLES ON THE PERFORMANCE OF MICRO-FINANCE INSTITUTIONS IN KENYA |
| Remainder of title | A CASE OF WAKENYA PAMOJA SACCO, KISII BRANCH |
| 260 ## - PUBLICATION, DISTRIBUTION, ETC. | |
| Place of publication, distribution, etc. | KISII |
| Name of publisher, distributor, etc. | KSU |
| Date of publication, distribution, etc. | 2015 |
| 300 ## - PHYSICAL DESCRIPTION | |
| Extent | XI, 28P.,ILL; |
| 500 ## - GENERAL NOTE | |
| General note | INCLUDES REFERENCES |
| 942 ## - ADDED ENTRY ELEMENTS (KOHA) | |
| Source of classification or shelving scheme | Library of Congress Classification |
| Koha item type | Reference |
| Withdrawn status | Lost status | Source of classification or shelving scheme | Damaged status | Not for loan | Home library | Current library | Date acquired | Inventory number | Total checkouts | Full call number | Barcode | Date last seen | Copy number | Price effective from | Koha item type |
|---|---|---|---|---|---|---|---|---|---|---|---|---|---|---|---|
| Library of Congress Classification | Kisii University Library | Kisii University Library | 07/21/2025 | 83691 | THE HD 30.17 .J36 2015 | 000000020054 | 07/21/2025 | C.1 | 07/21/2025 | Reference |